00683cam a22002174a 450000100090000000300040000900500170001300800410003001000170007102000150008804000180010304200080012105000250012908200200015424500750017426000380024930000320028760000310031970000240035085600910037412578145OSt20191030135836.0011101s2002 nyua 000 0 eng  a 2001055937 a0446529095 aDLCcDLCdDLC apcc00aBV3785.G69bB49 200200a269221bM478B 00aBilly Graham :ba tribute from friends /ccompiled by Vernon McLellan. aNew York :bWarner Books,cc2002. ax, 196 p. :bill. ;c22 cm.10aGraham, Billy,d1918-2018.1 aMcLellan, Vernon K.423Publisher descriptionuhttp://www.loc.gov/catdir/enhancements/fy0914/2001055937-d.html